Towards the Total Synthesis of Wulfenioidin H
Salvato in:
| Autore principale: | |
|---|---|
| Altri autori: | |
| Natura: | Manoscritto Libro |
| Lingua: | slovacco inglese |
| Pubblicazione: |
2024
|
| Soggetti: | |
| Accesso online: | http://is.stuba.sk/zp/portal_zp.pl?podrobnosti=171542 |
| Tags: |
Nessun Tag, puoi essere il primo ad aggiungerne!!
|
MARC
| LEADER | 00000ntm a22000003a 4500 | ||
|---|---|---|---|
| 001 | stuzp99480 | ||
| 003 | SK-STU | ||
| 005 | 20240622211019.1 | ||
| 007 | ta | ||
| 008 | 150427s2015----xo-----f-mn---000-0-slo-d | ||
| 040 | |a STU |b slo | ||
| 041 | 0 | |a eng | |
| 100 | 1 | |a Puškárová, Lenka |u 048140 |4 aut |U FCHPT Ústav organickej chémie, katalýzy a petrochémie |T FCHPT Oddelenie organickej chémie |X 117265 |U C8140 |Y 124 |7 117265 | |
| 242 | 0 | 1 | |a Syntéza wulfenioidínu H |y slo |
| 245 | 1 | 0 | |a Towards the Total Synthesis of Wulfenioidin H |
| 260 | |c 2024 | ||
| 650 | 4 | |a Zika vírus |2 slo | |
| 650 | 4 | |a syntéza |2 slo | |
| 650 | 4 | |a wulfenioidín |2 slo | |
| 650 | 4 | |a Zika virus |2 eng | |
| 650 | 4 | |a wulfenioidin |2 eng | |
| 650 | 4 | |a synthesis |2 eng | |
| 700 | 1 | |a Jakubec, Pavol |u 048140 |k Z1 |4 ths |U FCHPT Ústav organickej chémie, katalýzy a petrochémie |T FCHPT Oddelenie organickej chémie |X 4023 |U C8140 |Y 124 |7 A000004023 | |
| 856 | 4 | |u http://is.stuba.sk/zp/portal_zp.pl?podrobnosti=171542 | |